000 00609nam a22002297a 4500
003 UA-OsUOA
001 79889
007 ta
008 20111122b un ||||| |||| 00| 0 ukr d
100 _aКанівець В.
090 _a821.161.2
_bК19
942 _cBK
040 _aUA-OsUOA
_bukr
_cUA-OsUOA
_dUA-OsUOA
245 _aТвори в чотирьох томах
_bроман
_n1
300 _a552 с.
955 _a3
041 _aukr
080 _a821.161.2
260 _aК.
_bДніпро
_c1984
650 7 _a82 Література. Літературознавство
_2UDC
999 _c366185
_d366185